| 000 | 01331nam a2200277 u 4500 | ||
|---|---|---|---|
| 001 | 000147329 | ||
| 003 | AM-YEHGA | ||
| 005 | 20250617123026.0 | ||
| 008 | 030329s1982 ru |||||||||||||||||rus d | ||
| 040 | _aAM-YeHGA | ||
| 041 | 1 |
_arus _hger |
|
| 100 | 1 | _aШенфельд, Николаус | |
| 245 | 1 | 0 |
_aПоверхностно-активные вещества на основе оксида этилена : _bПер. с нем. / _cН. Шенфельд ; Пер. Л.В. Коваленко и др. ; Под ред. Н.Н. Лебедева. |
| 246 | 1 | 5 | _aGrenzflachenaktive a thylenoxid-addukte |
| 250 | _a2-е изд. | ||
| 260 |
_aМосква : _bХимия, _c1982. |
||
| 300 |
_a749 с. ; _c22 см. |
||
| 500 | _aЗагл. 1-го изд.: Неионогенные моющие средства - продукты присоединения окиси этилена | ||
| 534 |
_pОригинал: _tGrenzflachenaktive a thylenoxid-addukte / _aVON Nikolaus Schnfeldt - _cStuttgart, 1976 |
||
| 650 | 1 | 4 | _aМоющие средства синтетические |
| 650 | 1 | 4 |
_aЭтилен, окись _xПрименение в органическом синтезе |
| 700 | 1 |
_aКоваленко, Л.В. _eпер. _4trl |
|
| 700 | 1 |
_aЛебедев, Н.Н. _eред. _4edt |
|
| 942 |
_2udc _cBK |
||
| 090 | _c50648 | ||
| 999 |
_c49878 _d49878 |
||